Sacramento-Iglesia-Derecho en el pensamiento de R. Sohm / (Record no. 95482)

MARC details
000 -LEADER
campo de control de longitud fija 00791nam a2200229 i 4500
001 - NÚMERO DE CONTROL
campo de control 95482
003 - IDENTIFICADOR DE NÚMERO DE CONTROL
campo de control ES-MaACL
005 - FECHA Y HORA DE LA ÚLTIMA TRANSACCIÓN
campo de control 20250728105938.0
007 - CAMPO FIJO DE DESCRIPCIÓN FÍSICA--INFORMACIÓN GENERAL
campo de control de longitud fija t|
008 - DATOS DE LONGITUD FIJA--INFORMACIÓN GENERAL
campo de control de longitud fija 050530s1969 sp |||| | spa d
080 ## - NÚMERO DE LA CLASIFICACIÓN DECIMAL UNIVERSAL
Número de la Clasificación Decimal Universal 348.1/.6(043)
100 1# - ENTRADA PRINCIPAL--NOMBRE DE PERSONA
Nombre de persona Llamazares Fernández, Dionisio.
9 (RLIN) 72678
245 10 - MENCIÓN DEL TÍTULO
Título Sacramento-Iglesia-Derecho en el pensamiento de R. Sohm /
Mención de responsabilidad, etc. Dionisio Llamazares Fernández ; prólogo, Alfonso Prieto Prieto.
260 ## - PUBLICACIÓN, DISTRIBUCIÓN, ETC.
Lugar de publicación, distribución, etc. Oviedo :
Nombre del editor, distribuidor, etc. Instituto de Estudios Jurídicos,
Fecha de publicación, distribución, etc. 1969.
300 ## - DESCRIPCIÓN FÍSICA
Extensión XX, 351 p. ;
Dimensiones 21 cm.
600 14 - PUNTO DE ACCESO ADICIONAL DE MATERIA--NOMBRE DE PERSONA
Nombre de persona Sohm, Rudolf.
9 (RLIN) 132794
650 #7 - PUNTO DE ACCESO ADICIONAL DE MATERIA--TÉRMINO DE MATERIA
Término de materia o nombre geográfico como elemento de entrada Religión y derecho
Fuente del encabezamiento o término embne
9 (RLIN) 162231
700 1# - ENTRADA AGREGADA--NOMBRE PERSONAL
Nombre de persona Prieto Prieto, Alfonso.
9 (RLIN) 93941
710 2# - ENTRADA AGREGADA--NOMBRE DE ENTIDAD CORPORATIVA
Nombre de entidad corporativa o nombre de jurisdicción como elemento de entrada Instituto de Estudios Jurídicos (Oviedo)
9 (RLIN) 4914
852 ## - LOCALIZACIÓN
Ubicación ES-MaACL
Número de control de estantería C-48428
Holdings
Estatus retirado Estado de pérdida Estado de daño No para préstamo Biblioteca de origen Biblioteca actual Ubicación en estantería Fecha de adquisición Fuente de adquisición Total de préstamos Signatura topográfica completa Código de barras Visto por última vez Precio de reemplazo Tipo de ítem Koha
        Biblioteca del Ateneo de Madrid Biblioteca del Ateneo de Madrid Depósito 2 17/01/2008     C-48428 1099702 23/02/2023 23/02/2023 Libro impreso